<?xml version="1.0" encoding="UTF-8"?>
<record
    xmlns:xsi="http://www.w3.org/2001/XMLSchema-instance"
    xsi:schemaLocation="http://www.loc.gov/MARC21/slim http://www.loc.gov/standards/marcxml/schema/MARC21slim.xsd"
    xmlns="http://www.loc.gov/MARC21/slim">

  <leader>02693nam a22002897a 4500</leader>
  <controlfield tag="003">OSt</controlfield>
  <controlfield tag="005">20240904140733.0</controlfield>
  <controlfield tag="007">cr ||||||a|c|a</controlfield>
  <controlfield tag="008">240304s2022    mx ||||fom||| 001 0 spa d</controlfield>
  <datafield tag="040" ind1=" " ind2=" ">
    <subfield code="e">rda</subfield>
  </datafield>
  <datafield tag="100" ind1="1" ind2=" ">
    <subfield code="9">188607</subfield>
    <subfield code="a">Cisneros Sandoval, Elvira Lizet</subfield>
  </datafield>
  <datafield tag="245" ind1="1" ind2="0">
    <subfield code="a">Identificaci&#xF3;n del agente causal del tiz&#xF3;n en pl&#xE1;ntulas de hortalizas bajo invernadero, en Texcoco Estado de M&#xE9;xico /</subfield>
    <subfield code="c">por Elvira Lizet Cisneros Sandoval; director Luis Oth&#xF3;n Espinosa Carrillo</subfield>
  </datafield>
  <datafield tag="264" ind1=" " ind2="1">
    <subfield code="a">Chapingo, M&#xE9;xico :</subfield>
    <subfield code="b">El autor,</subfield>
    <subfield code="c">2022</subfield>
  </datafield>
  <datafield tag="300" ind1=" " ind2=" ">
    <subfield code="a">1 recurso en l&#xED;nea (61 p&#xE1;ginas).</subfield>
    <subfield code="b">Figuras, tablas</subfield>
  </datafield>
  <datafield tag="336" ind1=" " ind2=" ">
    <subfield code="2">rdacontent</subfield>
    <subfield code="a">texto</subfield>
    <subfield code="b">txt</subfield>
  </datafield>
  <datafield tag="337" ind1=" " ind2=" ">
    <subfield code="2">rdamedia</subfield>
    <subfield code="a">computadora</subfield>
    <subfield code="b">c</subfield>
  </datafield>
  <datafield tag="338" ind1=" " ind2=" ">
    <subfield code="2">rdacarrier</subfield>
    <subfield code="a">recurso en l&#xED;nea</subfield>
    <subfield code="b">cr</subfield>
  </datafield>
  <datafield tag="502" ind1=" " ind2=" ">
    <subfield code="b">IAEPA</subfield>
    <subfield code="c">Parasitolog&#xED;a</subfield>
    <subfield code="d">2022</subfield>
    <subfield code="g">LIC</subfield>
  </datafield>
  <datafield tag="504" ind1=" " ind2=" ">
    <subfield code="a">Incluye referencias bibliogr&#xE1;ficas: p&#xE1;ginas 56-61</subfield>
  </datafield>
  <datafield tag="520" ind1=" " ind2=" ">
    <subfield code="a">En septiembre de 2021, en Texcoco, Estado de M&#xE9;xico se detectaron s&#xED;ntomas de un &#x201C;Tiz&#xF3;n foliar&#x201D; en hortalizas de br&#xF3;coli, col, coliflor, tomate, cebolla y lechuga, que ocasionaron el 100 % de p&#xE9;rdida en la empresa Germiplant. Por lo tanto, el objetivo de este trabajo fue identificar el agente causal del &#x201C;Tiz&#xF3;n foliar&#x201D;. En invernadero se recolectaron muestras con s&#xED;ntomas de tiz&#xF3;n, se aisl&#xF3; y se realiz&#xF3; una identificaci&#xF3;n por medio de PCR, la cual nos dio como resultado la presencia de Pantoea agglomerans, dicha bacteria generalmente se encuentra asociada a plantas como un epifito y end&#xF3;fito, contando con una amplia distribuci&#xF3;n en diversos ecosistemas naturales y agr&#xED;colas, en algunos casos actuando como antagonista de bacterias y hongos fitopat&#xF3;genos, de igual manera existen sepas capaces de da&#xF1;ar la salud humana, aunque tambi&#xE9;n cuenta con reportes como fitopat&#xF3;geno causando s&#xED;ntomas similares a los detectados en las pl&#xE1;ntulas en el invernadero, los reportes existentes son mango, arroz, cebolla y ma&#xED;z, este &#xFA;ltimo reporte genera manchas clor&#xF3;ticas y se realiz&#xF3; aqu&#xED; en M&#xE9;xico en la misma Regi&#xF3;n, lo que podr&#xED;a dar pie a investigaciones futuras, para evaluar si existe alguna relaci&#xF3;n entre ambas cepas. De igual manera se determin&#xF3; cu&#xE1;l fue el origen del in&#xF3;culo, para lo cual se realiz&#xF3; una prueba a las semillas y se realiz&#xF3; un asilado del sustrato que se utiliza para germinar.</subfield>
  </datafield>
  <datafield tag="650" ind1=" " ind2="4">
    <subfield code="9">188608</subfield>
    <subfield code="a">Tiz&#xF3;n foliar</subfield>
    <subfield code="x">Identificaci&#xF3;n</subfield>
  </datafield>
  <datafield tag="650" ind1=" " ind2="0">
    <subfield code="9">172773</subfield>
    <subfield code="a">Plantas </subfield>
    <subfield code="x"> enfermedades por hongoss </subfield>
  </datafield>
  <datafield tag="650" ind1=" " ind2="4">
    <subfield code="9">132641</subfield>
    <subfield code="a">Hortalizas</subfield>
    <subfield code="x">Enfermedades</subfield>
  </datafield>
  <datafield tag="700" ind1="1" ind2=" ">
    <subfield code="9">37903</subfield>
    <subfield code="a">Espinosa Carrillo, Luis Oth&#xF3;n</subfield>
    <subfield code="e">Director</subfield>
  </datafield>
  <datafield tag="856" ind1=" " ind2=" ">
    <subfield code="u">http://10.13.5.2/tesis/tl/1510436-4_Cisneros_Sandoval_Elvira_Lizet.pdf</subfield>
    <subfield code="z">DESCARGAR PDF</subfield>
  </datafield>
  <datafield tag="942" ind1=" " ind2=" ">
    <subfield code="2">Clasificaci&#xF3;n Universidad Aut&#xF3;noma Chapingo</subfield>
    <subfield code="c">TD</subfield>
  </datafield>
  <datafield tag="999" ind1=" " ind2=" ">
    <subfield code="c">219778</subfield>
    <subfield code="d">219778</subfield>
  </datafield>
  <datafield tag="952" ind1=" " ind2=" ">
    <subfield code="0">0</subfield>
    <subfield code="1">0</subfield>
    <subfield code="2">local</subfield>
    <subfield code="4">0</subfield>
    <subfield code="5">1</subfield>
    <subfield code="7">0</subfield>
    <subfield code="8">TesDigL</subfield>
    <subfield code="a">BD</subfield>
    <subfield code="b">BD</subfield>
    <subfield code="c">E_L</subfield>
    <subfield code="d">2024-03-04</subfield>
    <subfield code="l">0</subfield>
    <subfield code="o">Tesis digital</subfield>
    <subfield code="r">2024-03-04 00:00:00</subfield>
    <subfield code="w">2024-03-04</subfield>
    <subfield code="y">TD</subfield>
  </datafield>
</record>
